| 000 | 00479nab a2200145Ia 4500 | ||
|---|---|---|---|
| 003 | ES-SlBCS | ||
| 005 | 20240705011006.0 | ||
| 008 | 140529s1985 xxu||||| |||| 00| 0 eng d | ||
| 041 | _aeng | ||
| 100 | 1 |
_aAmeriks, Karl _9132608 |
|
| 245 | 0 | 0 |
_aHegel's Critique of Kant's Theoretical Philosophy _c Karl Ameriks |
| 600 | 1 | 0 |
_aHegel, Georg Wilhelm Friedrich _d(1770-1831) _917206 |
| 773 | 0 |
_tPhilosophy and Phenomenological Research _gvol. 46, 1985, págs. 1-36 _wRev1411 |
|
| 942 | _cAR | ||
| 999 |
_c527451 _d527451 |
||